000 00300nam a2200157Ia 4500
100 _aDeb/Sandipan
942 _cBK
366 _f17.5
654 _aIIT
245 _aThe IITians
260 _bPenquin books
_c2004
082 _a379/DEB
_bDEB
300 _a375
546 _aENGLISH
999 _c18798
_d18798